000 00863nam a2200265 a 4500
001 49725
003 BD-RjUL
005 20211209054723.0
008 160822s1977 enk b 001 0 eng
035 _a(BD-RjUL)49845
040 _aDLC
_cDLC
_dDLC
_dBD-RjUL
_beng
041 _aeng
082 0 0 _a378.12
_223
_bCHA 1977
245 1 0 _aChanging instructional strategies /
_cJames O. Hammons, issue editor.
260 _aLondon :
_bJossey-Bass,
_c1977
300 _axv, 95 p. ;
_c24 cm.
650 0 _aCollege teaching.
_9149083
650 0 _aCommunity colleges
_zUnited States.
_9149084
650 0 _aCommunity college teaching
_zUnited States.
_9149085
700 1 _aHammons, James O.
_9149086
856 _3New directions for community colleges
942 _2ddc
_cBK
999 _c49725
_d49725